000 00261 a2200085 4500
082 _a624.1513 SOI
245 _aSoil Dynamics and Special Design Aspects/
_cDepartment of Defense
260 _aUSA :
_bDepartment of Defense
_c1983
300 _axii, 144p. :
_bill. ;
_c28 cm
650 _aSoil Dynamics
999 _c1019
_d1019